000 00845cam a2200277 4500
008 090401t1993 xxu||||| |||| 00| 0 eng d
020 _a0905488156
035 _a(Sirsi) u66900
041 _aeng
050 _a696
100 _aLuter, M.
245 _aBuilding engineering services: a practice manual for quantity surveyors. Volume two: electrical services technology.
260 _aNottingham
_bNottingham Trent University
_c1993
300 _aiv,281p. : ill. ; 30cm.
350 _a20
650 _aBUILDING ENGINEERING SERVICES
650 _aBlock management
_96220
650 _aELECTRICAL SERVICES
650 _aQUANTITY SURVEYORS
690 _aBlock management
_96220
700 _aMcGowan, M.C.
700 _aWinfield, Roger
_xEditor
710 _aNottingham Trent University
_9672
942 _n0
948 _c04/03/1997
999 _c94960
_d94960